Дело по проекту устава Самарской земской фельдшерской школы

Доступно только в Электронных читальных залах Найти на картеНа карте
RUSMARC
00003660nmc2a22002413x 450
0016604d093-251c-4860-99e7-0d5468a48404
00520220119155730.0
100##$a20210901l18951900k l0rusy0189 ca
1010#$arus
102##$aRU
105##$ay###
1222#$ad
2001#$aДело по проекту устава Самарской земской фельдшерской школы
$j12 августа 1895 г. - 13 января 1900 г.
215##$a28 л.
$d36,5х26 см
251##$cДело
300##$aДело
371##$aДокумент не является опубликованным и широко распространяемым
461#0$1001a74412a3-3cc5-4d21-8f0a-dfe2fbd9e72d
$12001
$aДепартамент народного просвещения Министерства народного просвещения (1803-1917)
$1251
$cФонд
$1852
$j733
462#0$1001b33464f2-4bc4-41e3-b4bc-525e855f0eb0
$12001
$aДела разряда общих дел Министерства народного просвещения
$1251
$cОпись
$1852
$j194
801#0$aRU
$bРГИА
$c20210901
$gRCR
801#1$aRU
$bГлавНИВЦ
$c20210901
$2rusmarc
801#2$aRU
$bПБ им. Б.Н. Ельцина
$c20220119
$gRCR
$2rusmarc
850##$aРГИА
852##$aРГИА
$eФедеральное казенное учреждение "Российский государственный исторический архив" (РГИА)
$j1634
937##$hРГИА
$d12367171
$aASBIBLIO_SCAN
035##$aRusGRCC00035001
856##$uhttp://readingroom.main.prlib.ru/item.aspx?id_node=n172921130&mode=full
Формат отображения